Southville International School and Colleges
Your cart is empty.
  • Cart
  • Lists
    Public lists Eva Luna New books Lux_list list_1
    Your lists Log in to create your own lists
  • Log in to your account
  • Your cookies
  • Search history
Southville International School and Colleges
  • Advanced search
  • Recent comments
  • Most popular
  • Libraries

Log in to your account

Log in with GOOGLE


If you do not have an external account, but do have a local account, you can still log in:

  1. Home
  2. MARC view: Environmental science :
Normal view MARC view ISBD view

Environmental science : (Record no. 356679)

[ view plain ]
MARC details
000 -LEADER
fixed length control field 00787nam a2200289Ia 4500
008 - FIXED-LENGTH DATA ELEMENTS--GENERAL INFORMATION
fixed length control field 180523s9999 xx 000 0 und d
020 ## - INTERNATIONAL STANDARD BOOK NUMBER
International Standard Book Number 9812-532-44-7
050 ## - LIBRARY OF CONGRESS CALL NUMBER
Classification number MAIN GE 105
050 ## - LIBRARY OF CONGRESS CALL NUMBER
Item number .B68 2005
100 ## - MAIN ENTRY--PERSONAL NAME
Personal name Botkin, Daniel B.
245 #0 - TITLE STATEMENT
Title Environmental science :
245 #0 - TITLE STATEMENT
Remainder of title earth as a living planet /
245 #0 - TITLE STATEMENT
Statement of responsibility, etc Daniel B. Botkin, Edward A. Keller.
250 ## - EDITION STATEMENT
Edition statement 5th Edition
260 ## - PUBLICATION, DISTRIBUTION, ETC. (IMPRINT)
Place of publication, distribution, etc New York :
260 ## - PUBLICATION, DISTRIBUTION, ETC. (IMPRINT)
Name of publisher, distributor, etc John Wiley & Sons,
260 ## - PUBLICATION, DISTRIBUTION, ETC. (IMPRINT)
Date of publication, distribution, etc 2005
300 ## - PHYSICAL DESCRIPTION
Extent 664 pages :
300 ## - PHYSICAL DESCRIPTION
Other physical details illustrations ;
300 ## - PHYSICAL DESCRIPTION
Dimensions 26 cm.
500 ## - GENERAL NOTE
General note Includes index.
650 ## - SUBJECT ADDED ENTRY--TOPICAL TERM
Topical term or geographic name as entry element Environmental sciences.
650 ## - SUBJECT ADDED ENTRY--TOPICAL TERM
Topical term or geographic name as entry element Human ecology.
650 ## - SUBJECT ADDED ENTRY--TOPICAL TERM
Topical term or geographic name as entry element Sustainable development.
650 ## - SUBJECT ADDED ENTRY--TOPICAL TERM
General subdivision Biodiversity.
650 ## - SUBJECT ADDED ENTRY--TOPICAL TERM
General subdivision Environmental sciences -- Case studies.
Holdings
Withdrawn status Lost status Damaged status Home library Current library Shelving location Date acquired Total Checkouts Full call number Barcode Date last seen Price effective from Koha item type
      South Mansfield College South Mansfield College   01/09/2008   MAIN GE 105 .B68 2005 SMC03769 05/23/2018 05/23/2018  

Environmental science :

APA

Botkin D. B., .Environmental science. New York: .

Chicago

Botkin Daniel B, .Environmental science. New York: .

Harvard

Botkin D. B., .Environmental science. New York: .

MLA

Botkin Daniel B, .New York: . .

  • Place hold
  • Print
  • Cite
  • Add to your cart (remove)
  • Save record
    BIBTEX Dublin Core MARCXML MARC (non-Unicode/MARC-8) MARC (Unicode/UTF-8) MARC (Unicode/UTF-8, Standard) MODS (XML) RIS
  • More searches
    Search for this title in:
    Other Libraries (WorldCat) Other Databases (Google Scholar) Online Stores (Bookfinder.com) Open Library (openlibrary.org)

Exporting to Dublin Core...

SOUTHVILLE LIBRARY

Southville International School and Colleges Library

1281 Tropical Ave. Cor. Luxembourg St., BF Homes International, Las Pinas City

Tel. No. 8256374 / 252358 Loc. 117/146

Powered by Koha